Guess the lyrics (#79) - Statistics

General Stats
  • This quiz has been taken 89 times
    71 since last reset
  • The average score is 125 of 262
Answer Stats
Answer % Correct
I
98%
a
97%
you
95%
You
95%
the
92%
an
90%
and
81%
to
79%
your
78%
do
75%
Do
75%
it
75%
it?
75%
love,
75%
love
75%
"Love,
75%
Love
75%
me
75%
me,
75%
can
71%
Is
71%
We
71%
go
70%
go?
70%
in
70%
for
67%
they
63%
be
62%
if
62%
If
62%
are
57%
Are
57%
my
57%
what
57%
there
56%
you're
56%
know?
54%
that
54%
of
52%
don't
49%
Have
49%
all
48%
this
48%
too
46%
up,
41%
up
41%
one
40%
we're
40%
gonna
38%
way
38%
get
37%
day?
33%
Ooh,
33%
Ooh
33%
own
33%
I'll
32%
night?
32%
with
32%
Make
29%
make
29%
never
29%
everything
25%
everything"
25%
right,
24%
right
24%
heart,
22%
Tell
22%
tell
22%
feel
21%
lie?
21%
Baby,
19%
Baby
19%
cry
19%
real?
19%
thing
19%
wanna
19%
need
17%
anything
14%
into
14%
knew,
14%
'cause
13%
leave
13%
lose
13%
Put
13%
under
13%
gotta
10%
keep
10%
Keep
10%
things
10%
feelin'
8%
free
8%
lost?
8%
each
6%
list
6%
open
6%
place,
6%
place
6%
change?
5%
find
5%
Gamble
5%
gamble
5%
hurt?
5%
people
5%
start
5%
cold?
3%
gettin'
3%
set
3%
through?
3%
wrap
3%
apart
2%
lettin'
2%
number
2%
truth
2%
worth
2%
Write
2%
crossed
0%
empty
0%
except
0%
key
0%
lock
0%
places
0%
recognise?
0%
strange?
0%
No matching quizzes found
Score Distribution
Percent of People with Each Score
Percentile by Number Answered
Your Score History
You have not taken this quiz since the last reset